Pencapaian akademik penerima Biasiswa Insentif Khas pelajar cemerlang di IPTA Malaysia : kajian di Baitulmal Majlis Agama Islam Wilayah Persekutuan Kuala Lumpur /
Saved in:
| Main Author: | |
|---|---|
| Format: | Thesis Book |
| Language: | Malay |
| Subjects: | |
| Tags: |
Add Tag
No Tags, Be the first to tag this record!
|
| LEADER | 01916cam a2200397 i 4500 | ||
|---|---|---|---|
| 001 | u1006280 | ||
| 003 | SIRSI | ||
| 005 | 201405211234 | ||
| 008 | 140521s2014 my a t 000 0 may m | ||
| 040 | |a UMA |d UMM |d AUM |e rda | ||
| 043 | |a a-my--- | ||
| 090 | |a BP42 |b A1 UM 2014 Rusmr | ||
| 094 | |a BP42 |b A1 UM 2014 Rusmr | ||
| 100 | 0 | |a Rushidah Md Rosdi, |e author. | |
| 245 | 1 | 0 | |a Pencapaian akademik penerima Biasiswa Insentif Khas pelajar cemerlang di IPTA Malaysia : |b kajian di Baitulmal Majlis Agama Islam Wilayah Persekutuan Kuala Lumpur / |c Rushidah binti Md Rosdi ; Diselia oleh Prof Dr Joni Tamkin Borhan |
| 264 | 1 | |c 2014. | |
| 264 | 4 | |c 2014 | |
| 300 | |a xvii, 110 leaves : |b illustrations ; |c 30 cm. | ||
| 336 | |a text |2 rdacontent | ||
| 337 | |a unmediated |2 rdamedia | ||
| 338 | |a volume |2 rdacarrier | ||
| 502 | |b M.Syariah |c Jabatan Syariah dan Ekonomi, Akademi Pengajian Islam, Universiti Malaya |d 2014. | ||
| 504 | |a Bibliography: leaves 105-110. | ||
| 610 | 2 | |a Majlis Agama Islam Wilayah Persekutuan (Kuala Lumpur). | |
| 650 | 0 | |a Scholarships |z Malaysia. | |
| 650 | 0 | |a College students |z Malaysia |x Financial aid. | |
| 650 | 0 | |a Property (Islamic law) |z Malaysia. | |
| 650 | 0 | |a Baitulmal |z Malaysia. | |
| 700 | 0 | |a Joni Tamkin Borhan, |e degree supervisor | |
| 710 | 2 | |a Universiti Malaya. |b Jabatan Syariah dan Ekonomi, |e degree granting institution. | |
| 596 | |a 1 12 18 25 | ||
| 900 | |a NSM-ZA | ||
| 999 | |a BP42 A1 UM 2014 RUSMR |w LC |c 1 |i A515936026 |d 24/12/2017 |e 24/12/2017 |f 7/11/2014 |g 1 |l STACKS |m P12ISLAMKL |n 3 |r Y |s Y |t TESIS |u 7/11/2014 | ||
| 999 | |a BP42 A1 UM 2014 RUSMR |w LC |c 1 |i A516078797 |d 16/2/2017 |e 16/2/2017 |f 9/10/2015 |g 1 |l STACKS |m P01UTAMA |n 2 |r Y |s Y |t TESIS |u 9/10/2015 | ||
| 999 | |a BP42 A1 UM 2014 RUSMR |w LC |c 1 |i A516278555 |l RESERVES |m P18ISLPURI |r Y |s Y |t TESIS |u 18/4/2016 | ||
| 999 | |a BP42 A1 UM 2014 RUSMR |w LC |c 1 |i A517409067 |f 27/12/2019 |g 1 |l STACKS |m P25UMARCHI |r N |s Y |t CD |u 27/12/2019 |1 AHSS |o .STAFF. MST-CD1927 | ||
